000 02466nam a22003735a 4500
005 20090606160818.0
008 090326s2009 ii b 000 0 eng
010 _aENG-93939
020 _a9780195694949
_c895.00
020 _a0195694945
_c895.00
035 _aEN-77472
035 _aB-360891-897
037 _bDBAD / PUB
037 _bUppal Book Store
040 _adpl
_bEnglish
082 _a260
100 _aGrewal, J.S.
245 _aThe Sikhs:
_bideology, institutions, and identity /
_cby J.S. Grewal
260 _aNew Delhi
_bOxford University Press
_c2009
270 _aYMCA Library Building, Jai Singh Road,
_bNew Delhi
_e110001
300 _axix, 419p.
_c23cm(Hb)
504 _aIncludes glossary, bibliographical references and index
650 _aSikhism
942 _2ddc
_cEN
_mGRE
_h260
999 _c27307
_d27307